| 000 | 00798nam a2200277 4500 | ||
|---|---|---|---|
| 001 | 35906 | ||
| 003 | BD-RjUL | ||
| 005 | 20211209052411.0 | ||
| 008 | 140611s1968 enkb b 001 0 eng d | ||
| 020 | _a009088860X | ||
| 035 | _a(BD-RjUL)36002 | ||
| 040 |
_aDLC _cDLC _dDLC _dBD-RjUL _beng |
||
| 041 | _aeng | ||
| 082 | 0 | 0 |
_a320.12 _bPRG 1968 |
| 100 | 1 |
_aPrescott, J. R. V. _q(John Robert Victor) _9109333 |
|
| 245 | 1 | 4 |
_aThe geography of state policies / _c J. R. V. Prescott. |
| 260 |
_aLondon : _bHutchinson, _c1968. |
||
| 300 |
_a206 p. : _bill.; _c22 cm. |
||
| 350 | _a32/6 | ||
| 490 | 0 | _aHutchinson university library: Geography | |
| 504 | _aIncludes bibliographies. and Index | ||
| 650 | 0 |
_aGeopolitics. _9109334 |
|
| 942 |
_2ddc _cBK |
||
| 999 |
_c35906 _d35906 |
||